000 00363 a2200169 4500
001 190113
020 _a85-7319-399-9
040 _cMagnum
100 _aSales, Marli
240 1 0 _aTerra, gente e companhia
_lpor
245 1 0 _aTerra, gente e companhia
300 _a168
362 0 _a2004
440 1 _aDimensão
697 _aGEOGRAFIA GERAL
942 _cBK
999 _c190113
_d190113